| Tag |
First Indicator |
Second Indicator |
Subfields |
| LEADER |
00000pam a2200000 a 4500 |
| 001 |
in00000070309 |
| 005 |
20151008061704.0 |
| 008 |
810114s1981 inuc b 00110bengm |
| 010 |
|
|
|a 80008381
|
| 020 |
|
|
|a 0253308763
|z 0253038763
|
| 035 |
|
|
|a (OCoLC)07202980
|
| 035 |
|
|
|9 AAJ8605AM
|
| 039 |
0 |
|
|a 2
|b 3
|c 3
|d 3
|e 3
|
| 040 |
|
|
|a DLC
|c DLC
|d TXA
|d UtOrBLW
|
| 043 |
|
|
|a n-us---
|a n-us-va
|
| 049 |
|
|
|a TXAM
|c [387019]
|
| 050 |
0 |
0 |
|a F230.R932
|b M57
|
| 082 |
0 |
|
|a 973.7/13/0924
|a B
|2 19
|
| 100 |
1 |
|
|a Mitchell, Betty Lou.
|
| 245 |
1 |
0 |
|a Edmund Ruffin :
|b a biography /
|c Betty L. Mitchell.
|
| 264 |
|
1 |
|a Bloomington :
|b Indiana University Press,
|c [1981]
|
| 264 |
|
4 |
|c ©1981
|
| 300 |
|
|
|a x, 306 pages :
|b portrait ;
|c 24 cm.
|
| 336 |
|
|
|a text
|b txt
|2 rdacontent
|
| 337 |
|
|
|a unmediated
|b n
|2 rdamedia
|
| 338 |
|
|
|a volume
|b nc
|2 rdacarrier
|
| 500 |
|
|
|a Includes index.
|
| 504 |
|
|
|a Bibliography: pages 288-298.
|
| 600 |
1 |
0 |
|a Ruffin, Edmund,
|d 1794-1865.
|
| 650 |
|
0 |
|a Secession.
|
| 651 |
|
0 |
|a United States
|x Politics and government
|y 1857-1861.
|
| 651 |
|
0 |
|a Virginia
|x Biography.
|
| 999 |
|
|
|a MARS
|
| 999 |
f |
f |
|s 1479ca6b-61e9-3d4f-93ce-e55c1d1e4696
|i 971968b0-9773-37d8-90b8-342c9385db38
|t 0
|
| 952 |
f |
f |
|p ric
|a Texas A&M University
|b Rellis Campus
|c Joint Library Facility
|d Remote Storage
|t 0
|e F230.R932 M57
|h Library of Congress classification
|i unmediated -- volume
|m A14806109231
|
| 998 |
f |
f |
|a F230.R932 M57
|t 0
|l Remote Storage
|